[Event "Livigno op"]
[Site "Livigno"]
[Date "2010.09.16"]
[Round "7"]
[White "Innocenti, Luca"]
[Black "Mlynek, Petr"]
[Result "0-1"]
[WhiteElo "2020"]
[BlackElo "2183"]
[PlyCount "48"]
[EventDate "2010.09.10"]
[EventType "swiss"]
[EventRounds "9"]
[EventCountry "ITA"]
[SourceTitle "CBM 138 Extra"]
[Source "ChessBase"]
[SourceDate "2010.10.29"]
[SourceVersion "1"]
[SourceVersionDate "2010.10.29"]
[SourceQuality "1"]

1. c4 c6 2. Nf3 d5 3. b3 Nf6 4. Bb2 Bf5 5. g3 e6 6. Bg2 h6 7. 0-0 Nbd7 8. d3 Bc5 9. Nc3 0-0 10. a3 a5 11. Na4 Bd6 12. Nd4 Bh7 13. cxd5 exd5 14. Qd2 Re8 15. Bc3 Ra6 16. b4 axb4 17. axb4 Qa8 18. Qc2 b5 19. Nc5 Nxc5 20. bxc5 Bxc5 21. Nxb5 cxb5 22. Bxf6 Rc8 23. Rxa6 Qxa6 24. Ra1 Qxf6 0-1

[Event "Livigno op"]
[Site "Livigno"]
[Date "2010.09.13"]
[Round "4"]
[White "Raineri, Valerio"]
[Black "Innocenti, Luca"]
[Result "1-0"]
[WhiteElo "2114"]
[BlackElo "2020"]
[PlyCount "63"]
[EventDate "2010.09.10"]
[EventType "swiss"]
[EventRounds "9"]
[EventCountry "ITA"]
[SourceTitle "CBM 138 Extra"]
[Source "ChessBase"]
[SourceDate "2010.10.29"]
[SourceVersion "1"]
[SourceVersionDate "2010.10.29"]
[SourceQuality "1"]

1. e4 e6 2. Qe2 b6 3. f4 Bb7 4. Nf3 d6 5. d3 Nd7 6. Nc3 h6 7. Be3 a6 8. g3 g6 9. Bh3 Bg7 10. 0-0 Ne7 11. Rae1 c5 12. d4 Qc7 13. f5 gxf5 14. exf5 e5 15. dxe5 Bxe5 16. Nxe5 Nxe5 17. Bf4 Qc6 18. Bg2 Qxg2+ 19. Qxg2 Bxg2 20. Kxg2 N7c6 21. Nd5 Rb8 22. g4 Kf8 23. h3 Kg7 24. Kg3 f6 25. Nc7 Rb7 26. Ne6+ Kh7 27. Rd1 Rd7 28. h4 Nf7 29. g5 fxg5 30. hxg5 hxg5 31. Nxg5+ Nxg5 32. Bxg5 1-0

[Event "ITA-ch qual"]
[Site "Saint Vincent"]
[Date "2008.07.27"]
[Round "9"]
[White "Innocenti, Luca"]
[Black "De Francisci, Luigi"]
[Result "1-0"]
[WhiteElo "2071"]
[BlackElo "1949"]
[PlyCount "49"]
[EventDate "2008.07.19"]
[EventType "swiss"]
[EventRounds "9"]
[EventCountry "ITA"]
[SourceTitle "EXT 2009"]
[Source "ChessBase"]
[SourceDate "2008.11.26"]
[SourceVersion "1"]
[SourceVersionDate "2008.11.26"]
[SourceQuality "1"]

1. c4 b6 2. Nc3 Bb7 3. e4 e6 4. d3 c5 5. g3 Nc6 6. Nge2 a6 7. Bg2 Nge7 8. 0-0 Ng6 9. f4 f5 10. Be3 Nge7 11. Qd2 g6 12. d4 cxd4 13. Nxd4 Bg7 14. e5 Na5 15. b3 Bxg2 16. Qxg2 Rb8 17. Rfd1 Qc7 18. Rac1 Kf7 19. Na4 Nc8 20. c5 Rd8 21. Nxb6 Nxb6 22. cxb6 Qxb6 23. Nxf5 Qb4 24. Nd6+ Kg8 25. Bc5 1-0

[Event "ITA-ch qual"]
[Site "Saint Vincent"]
[Date "2008.07.23"]
[Round "5"]
[White "Mazzetta, Renato"]
[Black "Innocenti, Luca"]
[Result "0-1"]
[WhiteElo "1919"]
[BlackElo "2071"]
[PlyCount "94"]
[EventDate "2008.07.19"]
[EventType "swiss"]
[EventRounds "9"]
[EventCountry "ITA"]
[SourceTitle "EXT 2009"]
[Source "ChessBase"]
[SourceDate "2008.11.26"]
[SourceVersion "1"]
[SourceVersionDate "2008.11.26"]
[SourceQuality "1"]

1. e4 e6 2. d3 b6 3. g3 Bb7 4. Bg2 f5 5. Nc3 Nf6 6. Nge2 Be7 7. 0-0 0-0 8. e5 Bxg2 9. exf6 Bxf1 10. fxe7 Qxe7 11. Qxf1 Nc6 12. Be3 g5 13. f4 g4 14. Nd4 Nd8 15. Re1 d5 16. Bd2 Qf6 17. Nb3 Nf7 18. Qe2 Nd8 19. Nb5 c5 20. Qe5 Qxe5 21. Rxe5 Rc8 22. Nd6 Rc6 23. Nb5 a6 24. Nc3 Nf7 25. Re1 Nh8 26. Nd1 Ng6 27. c3 h5 28. Kg2 h4 29. Re2 Kf7 30. Re1 Rcc8 31. Nf2 Rh8 32. Rh1 h3+ 33. Kf1 e5 34. Ke2 Rce8 35. Kd1 exf4 36. gxf4 Nh4 37. Nc1 Re7 38. Ne2 Rhe8 39. Ng3 Kg6 40. d4 c4 41. Kc2 Re2 42. Nxe2 Rxe2 43. Nxg4 fxg4 44. Kd1 Rg2 45. Be1 Nf3 46. Kc1 Rxh2 47. Rf1 Rg2 0-1

[Event "Florence op 14th"]
[Site "Florence"]
[Date "2006.12.02"]
[Round "1"]
[White "Peparini, Paolo"]
[Black "Innocenti, Luca"]
[Result "0-1"]
[WhiteElo "1692"]
[BlackElo "1909"]
[PlyCount "86"]
[EventDate "2006.12.02"]
[EventType "swiss"]
[EventRounds "6"]
[EventCountry "ITA"]
[SourceTitle "EXT 2024"]
[Source "ChessBase"]
[SourceDate "2023.10.10"]
[SourceVersion "1"]
[SourceVersionDate "2023.10.10"]
[SourceQuality "1"]

1. e4 c6 2. d4 d5 3. Bd3 dxe4 4. Bxe4 Nf6 5. Nc3 Nxe4 6. Nxe4 Bf5 7. Ng3 Bg6 8. Nf3 Nd7 9. 0-0 e6 10. Bf4 Be7 11. Re1 0-0 12. a3 Qb6 13. b3 Rfd8 14. Qe2 h6 15. b4 a5 16. c3 Qa6 17. Qxa6 Rxa6 18. bxa5 Nf6 19. Ne5 Bh7 20. Nc4 Nd5 21. Bd2 c5 22. Ne3 Nxc3 23. Bxc3 cxd4 24. Bb4 Bxb4 25. axb4 dxe3 26. Rxe3 Rad6 27. f3 Rd2 28. Ne4 Rb2 29. Rc1 Rxb4 30. Rec3 Bxe4 31. fxe4 Rxe4 32. Rc7 Rd2 33. Rxb7 Ree2 34. Rc8+ Kh7 35. a6 Rxg2+ 36. Kh1 Rge2 37. Rc1 Rxh2+ 38. Kg1 h5 39. Rxf7 h4 40. a7 Rdg2+ 41. Kf1 h3 42. Rf2 Rxf2+ 43. Ke1 Rfg2 0-1

[Event "Siena Magari Memorial op 7th"]
[Site "Siena"]
[Date "2002.11.03"]
[Round "6"]
[White "Mazzotti, Federico"]
[Black "Innocenti, Luca"]
[Result "1-0"]
[WhiteElo "1752"]
[BlackElo "1776"]
[PlyCount "77"]
[EventDate "2002.11.01"]
[EventType "swiss"]
[EventRounds "6"]
[EventCountry "ITA"]
[SourceTitle "EXT 2007"]
[Source "ChessBase"]
[SourceDate "2006.11.23"]
[SourceVersion "1"]
[SourceVersionDate "2006.11.23"]
[SourceQuality "1"]

1. e4 c6 2. Nc3 d5 3. Nf3 dxe4 4. Nxe4 Bf5 5. Ng3 Bg6 6. h4 h6 7. Ne5 Bh7 8. Qf3 Nf6 9. Qb3 Qc7 10. Qxf7+ Kd8 11. Ng6 Bxg6 12. Qxg6 Qe5+ 13. Ne2 c5 14. Qd3+ Nbd7 15. Qb3 Nb6 16. d3 Rc8 17. Bf4 Qf5 18. g3 e5 19. Bh3 Ng4 20. f3 exf4 21. Bxg4 Qe5 22. Bxc8 Kxc8 23. gxf4 Qe3 24. Qf7 Kb8 25. Qf5 Qxf3 26. Qe5+ Kc8 27. 0-0-0 Qc6 28. Qf5+ Kb8 29. Rhg1 a6 30. Rg6 Qb5 31. Nc3 Qa5 32. Qe5+ Ka7 33. Qe6 Na4 34. Nxa4 Qxa4 35. Qb6+ Ka8 36. Qc7 Qxa2 37. Re1 Qa1+ 38. Kd2 Qa4 39. Rb6 1-0

[Event "Lucca op 13th"]
[Site "Lucca"]
[Date "2001.10.??"]
[Round "6"]
[White "Bartolini, Tommaso"]
[Black "Innocenti, Luca"]
[Result "1/2-1/2"]
[WhiteElo "2189"]
[BlackElo "1722"]
[PlyCount "54"]
[EventDate "2001.10.??"]
[EventType "swiss"]
[EventRounds "6"]
[EventCountry "ITA"]
[SourceTitle "EXT 2024"]
[Source "ChessBase"]
[SourceDate "2023.10.10"]
[SourceVersion "1"]
[SourceVersionDate "2023.10.10"]
[SourceQuality "1"]

1. d4 e6 2. Nf3 b6 3. e4 Bb7 4. Bd3 Ne7 5. Be3 d5 6. e5 Ba6 7. Bxa6 Nxa6 8. c3 Qd7 9. Qd3 Nb8 10. Nbd2 Ng6 11. 0-0 c5 12. Rfd1 Nc6 13. Nf1 Be7 14. Ng3 0-0 15. Bg5 cxd4 16. Bxe7 Qxe7 17. cxd4 Rac8 18. Rac1 Rc7 19. Qb5 Rfc8 20. Ne2 Qb4 21. Qxb4 Nxb4 22. Rxc7 Rxc7 23. Nc3 Rc4 24. g3 Ne7 25. Rd2 h5 26. h4 Nf5 27. Ne2 Rc2 1/2-1/2

[Event "Lucca op 13th"]
[Site "Lucca"]
[Date "2001.10.??"]
[Round "5"]
[White "Innocenti, Luca"]
[Black "Bondielli, Giorgio"]
[Result "1/2-1/2"]
[WhiteElo "1722"]
[BlackElo "2006"]
[PlyCount "85"]
[EventDate "2001.10.??"]
[EventType "swiss"]
[EventRounds "6"]
[EventCountry "ITA"]
[SourceTitle "EXT 2024"]
[Source "ChessBase"]
[SourceDate "2023.10.10"]
[SourceVersion "1"]
[SourceVersionDate "2023.10.10"]
[SourceQuality "1"]

1. c4 e5 2. Nc3 f5 3. d4 e4 4. f3 Nf6 5. Bg5 Bb4 6. e3 0-0 7. f4 d6 8. Bxf6 Qxf6 9. a3 Bxc3+ 10. bxc3 b6 11. Nh3 Nc6 12. Be2 Bb7 13. Kd2 Na5 14. Rb1 d5 15. Qf1 c5 16. Nf2 cxd4 17. cxd4 Qd6 18. Rb4 Rac8 19. cxd5 Bxd5 20. Qb1 Rc7 21. Rc1 Rxc1 22. Kxc1 Nc6 23. Ra4 Rc8 24. Kd2 Na5 25. Rb4 Qc6 26. Nd1 Kf8 27. Bb5 Qc7 28. Ba6 Bb7 29. Be2 Qf7 30. Rb2 Nc4+ 31. Bxc4 Qxc4 32. Rb5 g6 33. Qb4+ Kf7 34. Qxc4+ Rxc4 35. Nb2 Rc7 36. Rb3 Ke6 37. Rc3 Rxc3 38. Kxc3 Ba6 39. Kb4 Bf1 40. g3 Kd5 41. Nd1 a5+ 42. Kb3 Bc4+ 43. Kc3 1/2-1/2

[Event "Lucca op 13th"]
[Site "Lucca"]
[Date "2001.10.??"]
[Round "1"]
[White "Innocenti, Luca"]
[Black "Buli, Vangjel"]
[Result "0-1"]
[WhiteElo "1722"]
[BlackElo "2039"]
[PlyCount "110"]
[EventDate "2001.10.??"]
[EventType "swiss"]
[EventRounds "6"]
[EventCountry "ITA"]
[SourceTitle "EXT 2024"]
[Source "ChessBase"]
[SourceDate "2023.10.10"]
[SourceVersion "1"]
[SourceVersionDate "2023.10.10"]
[SourceQuality "1"]

1. c4 Nf6 2. Nc3 e6 3. e4 c5 4. g3 Nc6 5. Bg2 a6 6. Nge2 Qc7 7. d3 b6 8. 0-0 Bb7 9. a3 Be7 10. Rb1 0-0 11. Bf4 d6 12. b4 Ne5 13. Qc2 Nfd7 14. Bd2 Rfe8 15. f4 Nc6 16. bxc5 bxc5 17. Na4 Rab8 18. f5 Bf6 19. fxe6 fxe6 20. Bc3 Bxc3 21. Qxc3 Nce5 22. Nf4 Bc6 23. Rxb8 Qxb8 24. Nb2 Qb6 25. Nd1 Nf8 26. h4 Rb8 27. Bh3 Bd7 28. Kh2 Qb3 29. Qa5 Nxd3 30. Qxa6 Qc2+ 31. Ng2 Ne5 32. Qxd6 Nc6 33. Rxf8+ Rxf8 34. Qxd7 Nd4 35. Bxe6+ Kh8 36. Nde3 Qxe4 37. Bd5 Qe5 38. a4 Ne2 39. Qg4 Nc3 40. a5 h5 41. Qe6 Qxe6 42. Bxe6 Ra8 43. Nf4 Rxa5 44. Nxh5 Ra2+ 45. Kh3 Re2 46. Nf5 Rxe6 47. Nhxg7 Re4 48. g4 Rxc4 49. Ne6 Nd5 50. g5 Nf4+ 51. Nxf4 Rxf4 52. Ne7 Re4 53. Ng6+ Kg7 54. h5 c4 55. Nh4 Rxh4+ 0-1

[Event "Lucca op 12th"]
[Site "Lucca"]
[Date "2000.10.15"]
[Round "6"]
[White "Ambrosi, Arcangelo"]
[Black "Innocenti, Luca"]
[Result "1-0"]
[WhiteElo "1857"]
[BlackElo "1668"]
[PlyCount "98"]
[EventDate "2000.10.07"]
[EventType "swiss"]
[EventRounds "6"]
[EventCountry "ITA"]
[SourceTitle "EXT 2002"]
[Source "ChessBase"]
[SourceDate "2001.11.25"]
[SourceVersion "1"]
[SourceVersionDate "2001.11.25"]
[SourceQuality "1"]

1. b4 Nf6 2. Bb2 d6 3. c4 g6 4. Nf3 Bg7 5. e3 0-0 6. Be2 e5 7. 0-0 a5 8. b5 e4 9. Ne1 Nbd7 10. d4 exd3 11. Nxd3 Ne4 12. Bxg7 Kxg7 13. a4 Ndc5 14. Nxc5 Nxc5 15. Nc3 Be6 16. e4 f5 17. exf5 Bxf5 18. Nd5 Be4 19. h3 Bxd5 20. Qxd5 Rf5 21. Qd4+ Kg8 22. Ra3 Re5 23. Bd1 Qe7 24. f4 Re4 25. Qd2 Re8 26. f5 Re1 27. Raf3 Rxf1+ 28. Kxf1 Qe4 29. f6 Qxc4+ 30. Be2 Qf7 31. Qxa5 Ne4 32. Qb4 Nxf6 33. Qb2 Kg7 34. a5 Qe6 35. a6 Qe5 36. Qxe5 Rxe5 37. a7 Re8 38. g4 Ra8 39. Ra3 Ne4 40. Bf3 Nc5 41. Ke2 Kf6 42. Ke3 Ke7 43. Bd1 g5 44. Bc2 h6 45. Kd4 Ne6+ 46. Ke3 d5 47. Bf5 c5 48. Ra5 Kd6 49. Bxe6 Kxe6 1-0

[Event "Lucca op 12th"]
[Site "Lucca"]
[Date "2000.10.14"]
[Round "4"]
[White "Donatini, Andrea"]
[Black "Innocenti, Luca"]
[Result "1/2-1/2"]
[WhiteElo "1824"]
[BlackElo "1668"]
[PlyCount "79"]
[EventDate "2000.10.07"]
[EventType "swiss"]
[EventRounds "6"]
[EventCountry "ITA"]
[SourceTitle "EXT 2002"]
[Source "ChessBase"]
[SourceDate "2001.11.25"]
[SourceVersion "1"]
[SourceVersionDate "2001.11.25"]
[SourceQuality "1"]

1. e4 c6 2. d4 d5 3. exd5 cxd5 4. c4 Nf6 5. Nc3 g6 6. Nf3 Bg7 7. Qb3 0-0 8. cxd5 Nbd7 9. g3 Nb6 10. Bg2 Nfxd5 11. 0-0 a5 12. Ne5 e6 13. Rd1 a4 14. Qc2 Qc7 15. Qe2 Nxc3 16. bxc3 Qxc3 17. Bb2 Qa5 18. Ba3 Re8 19. Rab1 Nd5 20. Qd3 Qd8 21. Rdc1 b6 22. Qf3 Qf6 23. Qxf6 Bxf6 24. f4 Bb7 25. Bd6 Rec8 26. a3 Rxc1+ 27. Rxc1 Rc8 28. Rb1 Bd8 29. Nd7 Bc6 30. Bxd5 Bxd7 31. Be4 Rc4 32. Rb4 Rxb4 33. Bxb4 f6 34. Kf2 Kf7 35. Ke3 Be7 36. Bxe7 Kxe7 37. Kd3 Kd6 38. Kc4 Bc6 39. Bc2 b5+ 40. Kc3 1/2-1/2